Moto Hospitality Ltd v Highways Agency (Record no. 79242)
[ view plain ]
| 000 -LEADER | |
|---|---|
| fixed length control field | 01816cad a22002055a 4500 |
| 001 - CONTROL NUMBER | |
| control field | L140293 |
| 008 - FIXED-LENGTH DATA ELEMENTS--GENERAL INFORMATION | |
| fixed length control field | 070917e20060421xxk v 000 0 eng d |
| 035 ## - SYSTEM CONTROL NUMBER | |
| System control number | (Sirsi) u140293 |
| 041 0# - LANGUAGE CODE | |
| Language code of text/sound track or separate title | eng |
| 245 00 - TITLE STATEMENT | |
| Title | Moto Hospitality Ltd v Highways Agency |
| Medium | [electronic resource] |
| 260 ## - PUBLICATION, DISTRIBUTION, ETC. | |
| Date of publication, distribution, etc. | 2006 |
| 520 ## - SUMMARY, ETC. | |
| Summary, etc. | [2006] EWLands LCA/122/2005, 21 April 2006. Considers the claimant's entitlement to compensation under the Compulsory Purchase Act 1965 s10 for the diminution in value of its interest in the land. Claimant (M) operated a Motorway Service Area (MSA) at junction 10 on the M40 and claimed it was adversely affected by junction alterations carried out by the compensating authority (H). M's claim for compensation under the 1965 Act s10 was for £15.5m and was for both temporary and permanent loss. Two key issues were debated by the defendants. Firstly, that the loss M claims to have suffered resulted from the stopping-up of the slip roads did not constitute 'the works' for the purpose of the 1965 Act s10. Secondly, that M did not suffer particular damage greater than that suffered by the public. "Held": any reduction in the value of the land during the period of construction is compensatable provided that it was the result of obstructions to routes of access between the motorway and the MSA. On this basis, M was entitled to compensation under the 1965 Act s10. |
| 650 24 - SUBJECT ADDED ENTRY--TOPICAL TERM | |
| Topical term or geographic name entry element | COMPULSORY PURCHASE ACT 1965 S10 |
| 650 24 - SUBJECT ADDED ENTRY--TOPICAL TERM | |
| Topical term or geographic name entry element | LANDS TRIBUNAL ACT 1949 |
| 650 24 - SUBJECT ADDED ENTRY--TOPICAL TERM | |
| Topical term or geographic name entry element | MOTO HOSPITALITY LTD V HIGHWAYS AGENCY |
| 651 #4 - SUBJECT ADDED ENTRY--GEOGRAPHIC NAME | |
| Geographic name | England and Wales |
| Chronological subdivision | 1543- |
| 690 ## - LOCAL SUBJECT ADDED ENTRY--TOPICAL TERM (OCLC, RLIN) | |
| Topical term or geographic name as entry element | ENVIRONMENTAL AND LAND CONSULTANCY-PLANNING AND DEVELOPMENT-COMPULSORY PURCHASE AND COMPENSATION |
| 856 40 - ELECTRONIC LOCATION AND ACCESS | |
| Uniform Resource Identifier | <a href="https://www.bailii.org/ew/cases/EWLands/2006/LCA_122_2005.html">https://www.bailii.org/ew/cases/EWLands/2006/LCA_122_2005.html</a> |
| Public note | View the judgment free of charge at www.bailii.org... |
| 942 ## - ADDED ENTRY ELEMENTS (KOHA) | |
| Suppress in OPAC | 0 |
| Withdrawn status | Lost status | Source of classification or shelving scheme | Damaged status | Not for loan | Home library | Current library | Shelving location | Date acquired | Total Checkouts | Full call number | Barcode | Date last seen | Copy number | Price effective from | Koha item type |
|---|---|---|---|---|---|---|---|---|---|---|---|---|---|---|---|
| Dewey Decimal Classification | Virtual | Virtual | Online | 17/09/2007 | ONLINE PUBLICATION | 140293-2001 | 06/08/2019 | 1 | 06/08/2019 | Law report |